000 01083nam a2200289 i 4500
999 _c14205
_d14205
003 BJBSDDR
005 20230410101808.0
007 ta
008 921123s1957 pn 000 0 spa d
035 _aCSIC000350210
035 _a(ES-MaCSI)000350210MAD01-Aleph
035 _a(OCoLC)434326038
040 _aES-MaCSI
_bspa
_cVL
041 _aspa
050 1 4 _aJZ 3715
_bA696c 1957
100 1 _aArias Madrid, Harmodio,
_d1886-1962.
245 1 3 _aEl canal de Panamá :
_bun estudio en derecho internacional y diplomacia /
_cpor Harmodio Arias ; Traducción de Diógenes A. Arosemena G.
260 _aPanamá :
_bEditora Panamá América,
_c1957.
300 _a296 p. ;
_c19 cm.
504 _aIncluye bibliografía e índice
651 4 _918925
_aPanamá
_xRelaciones exteriores
_zEstados Unidos
651 4 _974
_aEstados Unidos
_xRelaciones exteriores
_zPanamá
651 4 _918926
_aCanal de Panamá (Panamá)
_xEstatus internacional
651 4 _92715
_aCanal de Panamá (Panamá)
_xHistoria.
700 1 _918927
_aArosemena G., Diógenes A.
_etraductor
942 _2lcc
_cBK